000 01229cam a2200301 i 4500
001 10240
003 BD-RjUL
005 20211208234923.0
008 140123s1980 nyua 001 0 eng
020 _a0471044911 :
035 _a(BD-RjUL)10288
040 _aDLC
_cDLC
_dDLC
_dBD-RjUL
_beng
041 _aeng
082 0 0 _a547
_bUNV 1980
110 2 _aUniversity of Cincinnati.
_bDepartment of Chemistry.
_bOrganic Division.
_9160620
245 1 4 _aThe vocabulary of organic chemistry /
_cMilton Orchin ... [et al.] ; Organic Division, Department of Chemistry, University of Cincinnati, Cincinnati, Ohio.
260 _aNew York :
_bWiley,
_cc1980.
300 _aix, 609 p. :
_bill. ;
_c22 cm.
500 _a"A Wiley-Interscience publication."
500 _aIncludes index.
650 0 _aChemistry, Organic
_931638
700 1 _aOrchin, Milton,
_d1914-
_931639
856 4 2 _3Contributor biographical information
_uhttp://www.loc.gov/catdir/enhancements/fy0607/79025930-b.html
856 4 2 _3Publisher description
_uhttp://www.loc.gov/catdir/enhancements/fy0607/79025930-d.html
856 4 1 _3Table of contents only
_uhttp://www.loc.gov/catdir/enhancements/fy0607/79025930-t.html
942 _2ddc
_cBK
999 _c10240
_d10240